00246nam a2200097Ia 4500008004100000041000800041082001200049100002400061245002500085260003800110230511s1967 xx 000 0 und d aeng a348.041 aRatanlal Ranchodas  aBombay Law Journal  aMumbaibBombay Law Reporterc1967